Mechanical vibration proceedings:2nd international symposium on mechanical vibrations (ISMV-2000) (Record no. 330807)

000 -LEADER
fixed length control field 00673nam a22001817a 4500
003 - CONTROL NUMBER IDENTIFIER
control field NUST
005 - DATE AND TIME OF LATEST TRANSACTION
control field 20170808125707.0
008 - FIXED-LENGTH DATA ELEMENTS--GENERAL INFORMATION
fixed length control field 150904b xxu||||| |||| 00| 0 eng d
020 ## - INTERNATIONAL STANDARD BOOK NUMBER
International Standard Book Number 9698122125
040 ## - CATALOGING SOURCE
Transcribing agency LIBRARY
082 ## - DEWEY DECIMAL CLASSIFICATION NUMBER
Classification number 624.1 KHA
100 ## - MAIN ENTRY--PERSONAL NAME
9 (RLIN) 7497
Personal name Khan, Muhammad Zubair
245 ## - TITLE STATEMENT
Title Mechanical vibration proceedings:2nd international symposium on mechanical vibrations (ISMV-2000)
Statement of responsibility, etc. [Editors] Muhammad Zubair Khan
260 ## - PUBLICATION, DISTRIBUTION, ETC.
Date of publication, distribution, etc. c.2001
Place of publication, distribution, etc. Rawalpindi
Name of publisher, distributor, etc. A.Q.Khan Research Laboratories
300 ## - PHYSICAL DESCRIPTION
Extent 605p.
500 ## - GENERAL NOTE
General note P.B
650 ## - SUBJECT ADDED ENTRY--TOPICAL TERM
9 (RLIN) 7501
Topical term or geographic name entry element Mechanical engineering
General subdivision ME
942 ## - ADDED ENTRY ELEMENTS (KOHA)
Source of classification or shelving scheme
Koha item type Book
Call number prefix IESE
Holdings
Withdrawn status Lost status Source of classification or shelving scheme Damaged status Not for loan Collection code Permanent Location Current Location Shelving location Date acquired Total Checkouts Full call number Barcode Date last seen Price effective from Koha item type
            Institute of Environmental Science and Engineering (IESE) Institute of Environmental Science and Engineering (IESE) General Stacks 08/08/2017   624.1 KHA IESE-2498 08/08/2017 08/08/2017 Book
© 2023 Central Library, National University of Sciences and Technology. All Rights Reserved.